Reggaeton.

Guardado en:
Detalles Bibliográficos
Otros Autores: Rivera, Raquel (Editor), Marshall, Wayne (Editor), Pacini Hernandez, Deborah (Editor)
Formato: Desconocido
Lenguaje:español
Publicado: Durham, England; London, United Kingdom: Duke University Press, 2009.
Materias:
Etiquetas: Agregar Etiqueta
Sin Etiquetas, Sea el primero en etiquetar este registro!

MARC

LEADER 00000 a2200000 4500
003 CL-VaPUC
005 20250326124408.0
008 250318t2009 ||||| |||| 00| 0 spa d
999 |c 446902  |d 446900 
020 |a 978-0-8223-4383-7 
040 |c Pontificia Universidad Católica de Valparaíso 
082 |2 22  |a 781.64609 RIV 2009 
100 |a Rivera, Raquel  |9 895956  |e editor 
245 |a Reggaeton. 
260 |a Durham, England;  |a London, United Kingdom:  |b Duke University Press,  |c 2009. 
300 |a 371 páginas. 
583 |k Yessy Díaz Vidal  |c 20250318 
650 0 |9 897037  |a Reguetón (reggaetón)  |v Historia y crítica  |z Latinoamérica, Panamá, Cuba, etc. 
650 0 |9 390046  |a Géneros musicales  |x Reggaetón y Hip-hop  |x Cultura e identidad 
700 |9 897035  |a Marshall, Wayne  |e editor 
700 |9 897036  |a Pacini Hernandez, Deborah  |e editor 
942 |2 ddc  |c BK 
952 |0 0  |1 0  |2 ddc  |4 0  |6 781_646090000000000_RIV_2009  |7 0  |8 A  |9 601271  |a BIBEDU  |b BIBEDU  |d 2025-03-14  |e 3  |g 64654.00  |i 5666127  |o 781.64609 RIV 2009  |p 5666127  |r 2025-03-14  |t 1  |v 64654.00  |w 2025-03-14  |y BK  |k MUS